|
|
|
|
| LEADER |
00000nam0a2200000 4500 |
| 001 |
66781 |
| 005 |
20231031072802.0 |
| 010 |
|
|
|a 5947430479
|
| 035 |
|
|
|a (RuTPU)RU\TPU\book\71012
|
| 090 |
|
|
|a 66781
|
| 100 |
|
|
|a 20040907d2002 m y0rusy50 ca
|
| 101 |
1 |
|
|a rus
|c eng
|
| 102 |
|
|
|a RU
|
| 105 |
|
|
|a y z 000ay
|
| 200 |
1 |
|
|a Мадам Змея
|e пер. с англ.
|e роман
|f В. Холт
|
| 210 |
|
|
|a Москва
|c Книги "Искателя"
|d 2002
|
| 215 |
|
|
|a 319 с.
|
| 225 |
1 |
|
|a Коварство и любовь
|
| 330 |
|
|
|a Роман популярной английской писательницы Виктории Холт «Мадам Змея» — известен по кинофильму с участием Марины Влади и Жана Марэ — посвящен французской королеве Екатерине Медичи, вошедшей в историю как одна из главных организаторов Варфоломеевской ночи. Все персонажи книги — реальные исторические лица: любимец женщин король Франциск, Мария Стюарт, Нострадамус, Бурбоны, Гизы, Наварские. Рядом с ними живут и творят Ми-келанджело, Рабле, Леонардо да Винчи.
|
| 610 |
1 |
|
|a английская литература
|
| 610 |
1 |
|
|a романы
|
| 610 |
1 |
|
|a любовь
|
| 675 |
|
|
|a 82
|v 3
|
| 700 |
|
1 |
|a Холт
|b В.
|g Виктория
|
| 801 |
|
1 |
|a RU
|b 63413507
|c 20040907
|g PSBO
|
| 801 |
|
2 |
|a RU
|b 63413507
|c 20060417
|g PSBO
|
| 942 |
|
|
|c BK
|